Capture of thrips in semi-hydroponic strawberry cultivation using Moericke traps with different tones of blue (Registro n. 339883)
[ somente texto ]
| 000 -LÍDER | |
|---|---|
| fixed length control field | 03312nab a2200337 i 4500 |
| 003 - CÓDIGO MARC DA AGÊNCIA CATALOGADORA | |
| Campo de controle | BR-BrBNA |
| 005 - DATA E HORA DA ÚLTIMA ATUALIZAÇÃO | |
| Campo de controle | 20260121153101.0 |
| 008 - CAMPO DE TAMANHO FIXO | |
| fixed length control field | 260121b2024 bl.tr|pooa||| 00| 0 eng | |
| 040 ## - FONTE DA CATALOGAÇÃO | |
| Agência catalogadora | BR-BrBNA |
| Idioma da catalogação | eng |
| 072 ## - CATEGORIA AGRIS | |
| Código AGRIS | H20 |
| Código do objeto | 0960 |
| 072 ## - CATEGORIA AGRIS | |
| Código AGRIS | H01 |
| 100 ## - ENTRADA PRINCIPAL - NOME PESSOAL | |
| Nome pessoal | Santos, Janaína Pereira dos |
| 100 ## - ENTRADA PRINCIPAL - NOME PESSOAL | |
| Nome pessoal | Lins Junior, Juracy Caldeira |
| 100 ## - ENTRADA PRINCIPAL - NOME PESSOAL | |
| Nome pessoal | Wamser, Anderson Fernando |
| 100 ## - ENTRADA PRINCIPAL - NOME PESSOAL | |
| Nome pessoal | Cavalleri, Adriano |
| 245 ## - TÍTULO PRINCIPAL | |
| Título principal | Capture of thrips in semi-hydroponic strawberry cultivation using Moericke traps with different tones of blue |
| 500 ## - NOTA GERAL | |
| Nota geral | <br/><br/>Publicação online; 15 ref.; 2 illus.; Summaries (En, Pt) |
| 942 ## - ADDED ENTRY ELEMENTS (KOHA) | |
| Koha item type | Analítica |
| 520 ## - NOTA DE RESUMO | |
| Nota de conteúdo | <br/><br/><br/>Abstract – Traps configure a practical and economical method to capture and monitor thrips in strawberry cultivations. This study aimed to evaluate the thrips capture efficiency of Moericke traps with different tones of blue (light, intermediate, and dark). Thrips were collected from October 2022 to October 2023 in a conventional semi-hydroponic cultivation of San Andreas and Monterrey strawberry cultivars. The traps were randomly distributed and arranged at the same height as the cultivation bench, with four replicates per tone of blue. To count the thrips, 20mL water samples were collected weekly from the bottom of each basin. The data were subjected to analysis of variance using the F test and the means were compared by the Tukey’s test (p≤0.05). The light blue Moericke trap more effectively captured thrips in semi-hydroponic strawberry cultivation. <br/><br/><br/>Index terms: Fragaria x ananassa; Thysanoptera; Integrated pest management |
| 520 ## - NOTA DE RESUMO | |
| Nota de conteúdo | <br/><br/><br/>Resumo – O uso de armadilhas é um método prático e econômico para realizar a captura e o monitoramento de tripes em cultivos de morangueiro. Este estudo objetivou avaliar a eficiência de captura de tripes em armadilhas do tipo Moericke de diferentes tonalidades de azul (clara, intermediária e escura). As coletas dos tripes ocorreram de outubro de 2022 a outubro de 2023, em cultivo convencional semi-hidropônico de morangueiro dos cultivares San Andreas e Monterrey. As armadilhas foram distribuídas completamente ao acaso, dispostas na mesma altura da bancada de cultivo, com quatro repetições por tonalidade de azul. Para a contagem dos tripes, amostras de 20mL de água foram coletadas semanalmente do fundo de cada bacia. Os dados foram submetidos à análise de variância pelo teste F e as médias comparadas pelo teste de Tukey (p≤0,05). A armadilha Moericke de coloração azul-clara foi mais eficaz na captura de tripes em cultivo semi-hidropônico de morangueiro. <br/><br/><br/><br/>Termos para indexação: Fragaria x ananassa; Thysanoptera; Manejo integrado de pragas |
| 650 ## - ASSUNTO - THESAGRO | |
| Cabeçalho tópico ou nome geográfico | MORANGO |
| 650 ## - ASSUNTO - THESAGRO | |
| Cabeçalho tópico ou nome geográfico | PRAGA DE PLANTA |
| 650 ## - ASSUNTO - THESAGRO | |
| Cabeçalho tópico ou nome geográfico | TRIPES |
| 650 ## - ASSUNTO - THESAGRO | |
| Cabeçalho tópico ou nome geográfico | LEVANTAMENTO FITOSSANITÁRIO |
| 650 ## - ASSUNTO - THESAGRO | |
| Cabeçalho tópico ou nome geográfico | ARMADILHA |
| 650 ## - ASSUNTO - THESAGRO | |
| Cabeçalho tópico ou nome geográfico | CONTROLE INTEGRADO |
| 650 ## - ASSUNTO - THESAGRO | |
| Cabeçalho tópico ou nome geográfico | DEFESA VEGETAL |
| 773 0# - ENTRADA ANALÍTICA | |
| Host Biblionumber | 1813 |
| Registro do item | 359867 |
| Imprenta | Florianópolis-SC Empresa de Pesquisa Agropecuária e Extensão Rural de Santa Catarina 1988- |
| Outro identificador | 2026-0257 |
| Título | Agropecuária Catarinense (Brazil) |
| ISSN | 0103-0779 |
| Colação | v 37(2) p. 52-55; (2024) |
| Número de controle de registro | BR2025007479 |
| 856 ## - ACESSO E ENDEREÇO ELETRÔNICO | |
| Identificador uniforme de recurso - URI | https://publicacoes.epagri.sc.gov.br/rac/article/view/1832/1696 |
Nenhum exemplar disponível.

BINAGRI